000 00667cam a22001811 4500
005 20250901165256.0
008 720131t19501930nyua 000 0 eng
010 _a 49011952
020 _a0486601137
050 0 0 _aQC174.1
_b.H4 1950
082 _a530.1
100 1 _aHeisenberg, Werner,
_d1901-1976.
245 1 4 _aThe physical principles of the quantum theory.
_cTranslated into English by Carl Eckart and Frank C. Hoyt.
260 _a[New York]
_bDover Publications
_c[1950? c1930]
300 _a183 p.
_billus.
_c21 cm.
500 _a"Lectures ... at the University of Chicago in the spring of 1929."--Pref.
942 _2lcc
_hQC174.1 .H45 1949
999 _c1403
_d1403